[Event "Monarch Assurance Isle of Man 5th"]
[Site "Port Erin IOM"]
[Date "1996.10.07"]
[Round "3"]
[White "Hartoch, Robert G"]
[Black "Richardson, John R"]
[Result "1-0"]
[WhiteElo "2295"]
[BlackElo "2310"]
[PlyCount "121"]
[EventDate "1996.10.05"]
[EventType "swiss"]
[EventRounds "9"]
[EventCountry "IOM"]
[SourceTitle "BritBase"]

1. Nf3 Nf6 2. g3 e6 3. Bg2 d5 4. O-O Be7 5. b3 c5 6. e3 O-O 7. c4 dxc4 8. bxc4
Nc6 9. Qe2 Qc7 10. Nc3 Rd8 11. Rd1 Ne5 12. Nxe5 Qxe5 13. Rb1 Rb8 14. d4 cxd4
15. exd4 Qxe2 16. Nxe2 e5 17. Bb2 Bg4 18. f3 Bf5 19. Rbc1 exd4 20. Nxd4 Bc5 21.
Kf1 Bg6 22. Nb3 Be3 23. Rxd8+ Rxd8 24. Rc3 Rd1+ 25. Ke2 Rb1 26. Bc1 Bg1 27. h4
Nh5 28. f4 Nf6 29. Bxb7 Be4 30. Bxe4 Nxe4 31. Rc2 Kf8 32. Kf3 f5 33. g4 g6 34.
gxf5 gxf5 35. c5 Ke8 36. c6 Kd8 37. Rg2 Bb6 38. Rg7 Nc5 39. Nxc5 Rxc1 40. Nb7+
Ke8 41. Nd6+ Kf8 42. Nxf5 Rc5 43. Rxh7 Rxf5 44. c7 Bxc7 45. Rxc7 Ra5 46. Rc2
Kg7 47. Kg4 Kg6 48. h5+ Kh6 49. Rd2 Ra3 50. Kf5 Ra5+ 51. Ke6 Ra6+ 52. Ke7 Ra5
53. Rf2 Rb5 54. f5 Rb7+ 55. Ke6 Rb6+ 56. Kd5 Rb5+ 57. Kc4 Rb8 58. f6 Rf8 59.
Kd5 Rb8 60. f7 Kg7 61. f8=Q+ 1-0

[Event "Monarch Assurance Isle of Man 5th"]
[Site "Port Erin IOM"]
[Date "1996.10.07"]
[Round "3"]
[White "Markov, Jurij"]
[Black "Ellison, Derek George"]
[Result "1-0"]
[WhiteElo "2420"]
[BlackElo "2100"]
[PlyCount "45"]
[EventDate "1996.10.05"]
[EventType "swiss"]
[EventRounds "9"]
[EventCountry "IOM"]
[SourceTitle "BritBase"]

1. Nf3 f5 2. e4 fxe4 3. Ng5 e5 4. d3 e3 5. Bxe3 d5 6. d4 Nc6 7. Bb5 Bd6 8. c4
exd4 9. Qxd4 Nf6 10. cxd5 a6 11. Ba4 b5 12. dxc6 bxa4 13. Nc3 Rb8 14. O-O-O a3
15. b3 Bg4 16. f3 Bh5 17. Bf4 O-O 18. Bxd6 cxd6 19. Qc4+ d5 20. Nxd5 Bf7 21.
Nxf7 Rxf7 22. c7 Qf8 23. Ne7+ 1-0

[Event "Monarch Assurance Isle of Man 5th"]
[Site "Port Erin IOM"]
[Date "1996.10.07"]
[Round "3"]
[White "McLean, John"]
[Black "Blees, Albert"]
[Result "0-1"]
[WhiteElo "2130"]
[BlackElo "2415"]
[PlyCount "60"]
[EventDate "1996.10.05"]
[EventType "swiss"]
[EventRounds "9"]
[EventCountry "IOM"]
[SourceTitle "BritBase"]

1. e4 c5 2. Nc3 Nc6 3. g3 g6 4. Bg2 Bg7 5. d3 e6 6. f4 Nge7 7. Nf3 O-O 8. O-O
d6 9. Be3 Nd4 10. Bf2 Nec6 11. Qd2 Rb8 12. Nd1 Nxf3+ 13. Bxf3 b5 14. c3 b4 15.
d4 bxc3 16. bxc3 cxd4 17. cxd4 e5 18. fxe5 dxe5 19. d5 Nd4 20. Bg2 f5 21. Be3
fxe4 22. Rxf8+ Qxf8 23. Bxd4 exd4 24. Bxe4 d3 25. Rc1 Bh6 26. Ne3 Bh3 27. Re1
Rb2 28. Qxb2 Bxe3+ 29. Kh1 d2 30. Rb1 Bg4 0-1

[Event "Monarch Assurance Isle of Man 5th"]
[Site "Port Erin IOM"]
[Date "1996.10.07"]
[Round "3"]
[White "Norwood, David"]
[Black "Collier, David"]
[Result "1-0"]
[WhiteElo "2520"]
[BlackElo "2225"]
[PlyCount "63"]
[EventDate "1996.10.05"]
[EventType "swiss"]
[EventRounds "9"]
[EventCountry "IOM"]
[SourceTitle "BritBase"]

1. g3 c5 2. Bg2 Nc6 3. c4 g6 4. Nc3 Bg7 5. e4 e6 6. Nge2 Nge7 7. d3 d6 8. Be3
Nd4 9. Qd2 Nec6 10. O-O O-O 11. Rab1 Rb8 12. a3 b6 13. b4 Bb7 14. f4 f5 15. Kh1
Nxe2 16. Nxe2 Nd4 17. bxc5 bxc5 18. Bxd4 cxd4 19. Rxb7 Rxb7 20. exf5 Qb8 21.
fxe6 Rb2 22. Qe1 Re8 23. Bc6 Re7 24. g4 Qb6 25. Bd5 Rc2 26. Qh4 Re8 27. Ng3 Qb2
28. f5 Rf2 29. fxg6 h6 30. Rxf2 Qxf2 31. Qd8 Qf3+ 32. Kg1 1-0

[Event "Monarch Assurance Isle of Man 5th"]
[Site "Port Erin IOM"]
[Date "1996.10.07"]
[Round "3"]
[White "Novikov, Igor A"]
[Black "Emms, John M"]
[Result "1/2-1/2"]
[WhiteElo "2585"]
[BlackElo "2500"]
[PlyCount "91"]
[EventDate "1996.10.05"]
[EventType "swiss"]
[EventRounds "9"]
[EventCountry "IOM"]
[SourceTitle "BritBase"]

1. d4 Nf6 2. c4 e6 3. Nf3 c5 4. d5 d6 5. Nc3 exd5 6. cxd5 g6 7. h3 a6 8. a4 Qe7
9. Bg5 Nbd7 10. e3 h6 11. Bh4 Bg7 12. Nd2 g5 13. Bg3 Ne5 14. Be2 Bf5 15. e4 Bg6
16. a5 Nfd7 17. Nf1 c4 18. Ne3 Nc5 19. O-O O-O 20. f3 f5 21. exf5 Bxf5 22. Nxc4
Nxc4 23. Bxc4 Rac8 24. Re1 Qf6 25. Bf1 h5 26. Ra3 Qg6 27. Qd2 g4 28. fxg4 hxg4
29. h4 Bd3 30. Bxd3 Qxd3 31. Qxd3 Nxd3 32. Rb1 Nxb2 33. Rxb2 Bxc3 34. Rb1 Rc4
35. Kh2 Bd4 36. Rab3 Bc5 37. Rxb7 Rd4 38. Re7 Rf7 39. Rb8+ Kg7 40. Ree8 Rd1 41.
Rg8+ Kh7 42. Rh8+ Kg6 43. Rbg8+ Rg7 44. h5+ Kf5 45. Rxg7 Bg1+ 46. Kh1 1/2-1/2

[Event "Monarch Assurance Isle of Man 5th"]
[Site "Port Erin IOM"]
[Date "1996.10.07"]
[Round "3"]
[White "Rosten, Oliver"]
[Black "Hector, Jonny"]
[Result "0-1"]
[WhiteElo "2215"]
[BlackElo "2525"]
[PlyCount "82"]
[EventDate "1996.10.05"]
[EventType "swiss"]
[EventRounds "9"]
[EventCountry "IOM"]
[SourceTitle "BritBase"]

1. e4 e5 2. Nf3 Nc6 3. d4 exd4 4. Nxd4 Qf6 5. Nxc6 dxc6 6. Nc3 Bb4 7. Bd3 Nh6
8. O-O Ng4 9. h3 h5 10. Qe1 Qe5 11. f4 Qd4+ 12. Kh1 Bd7 13. Bd2 O-O-O 14. Ne2
Bxd2 15. Nxd4 Bxe1 16. Raxe1 Nf6 17. Nf3 Rhe8 18. Ng5 Re7 19. e5 Nd5 20. f5 f6
21. exf6 gxf6 22. Rxe7 Nxe7 23. Nh7 Nd5 24. Be4 Ne3 25. Rf3 Ng4 26. hxg4 hxg4
27. Rg3 Rh8 28. Rxg4 Rxh7+ 29. Kg1 Kd8 30. Kf2 Rh5 31. Rg8+ Ke7 32. Rg7+ Kd6
33. g4 Rg5 34. Rxg5 fxg5 35. f6 Bxg4 36. Kg3 Bh5 37. a4 Ke6 38. b4 Kxf6 39. b5
cxb5 40. axb5 b6 41. Kf2 Bg6 0-1

[Event "Monarch Assurance Isle of Man 5th"]
[Site "Port Erin IOM"]
[Date "1996.10.07"]
[Round "3"]
[White "Sedgwick, David"]
[Black "Brodsky, Michail"]
[Result "1/2-1/2"]
[WhiteElo "2115"]
[BlackElo "2510"]
[PlyCount "87"]
[EventDate "1996.10.05"]
[EventType "swiss"]
[EventRounds "9"]
[EventCountry "IOM"]
[SourceTitle "BritBase"]

1. e4 c5 2. Bc4 e6 3. Qe2 Nc6 4. c3 Nge7 5. d3 d5 6. Bb3 g6 7. Bg5 Bg7 8. f4 h6
9. Bh4 Qc7 10. Bg3 dxe4 11. dxe4 e5 12. fxe5 Bxe5 13. Bxe5 Nxe5 14. Nf3 Bg4 15.
Nbd2 O-O-O 16. O-O-O g5 17. h3 Nd3+ 18. Kb1 Nf4 19. Qf1 Bh5 20. g3 Ne6 21. Qf2
Kb8 22. Nc4 Nc6 23. Ka1 Rxd1+ 24. Rxd1 Rd8 25. Rxd8+ Nexd8 26. g4 Bg6 27. e5
Ne6 28. Nd6 Nxe5 29. Nxe5 Qxd6 30. Nxf7 Qf4 31. Qxf4+ Nxf4 32. Nxh6 Nxh3 33.
Nf7 Kc7 34. Ne5 Be4 35. Bc4 Kd6 36. Nf7+ Ke7 37. Ne5 b6 38. b4 cxb4 39. cxb4 a5
40. bxa5 bxa5 41. Kb2 Kd6 42. Nf7+ Kc5 43. Kc3 Bg2 44. Be6 1/2-1/2

[Event "Monarch Assurance Isle of Man 5th"]
[Site "Port Erin IOM"]
[Date "1996.10.07"]
[Round "3"]
[White "Ward, Christopher"]
[Black "Farleigh, Richard"]
[Result "1-0"]
[WhiteElo "2460"]
[BlackElo "2200"]
[PlyCount "69"]
[EventDate "1996.10.05"]
[EventType "swiss"]
[EventRounds "9"]
[EventCountry "IOM"]
[SourceTitle "BritBase"]

1. d4 Nf6 2. c4 c5 3. d5 e5 4. Nc3 d6 5. e4 Be7 6. g3 O-O 7. h4 Nbd7 8. Bh3 a6
9. a4 Rb8 10. Qd3 b6 11. Kf1 Ne8 12. Kg2 Nc7 13. Nge2 Re8 14. Be3 Rb7 15. Rab1
Rb8 16. b3 Bf6 17. Rb2 Be7 18. Rhb1 a5 19. Rh1 Bf6 20. Rbb1 Kf8 21. Ng1 Kg8 22.
Nf3 Be7 23. Rbg1 Rf8 24. Kf1 Ne8 25. h5 Kh8 26. Bf5 Nef6 27. g4 Ng8 28. g5 f6
29. Bxh7 Kxh7 30. g6+ Kh8 31. h6 Nxh6 32. Bxh6 Re8 33. Ng5 fxg5 34. Bxg5+ Kg8
35. Rh8+ 1-0

[Event "Monarch Assurance Isle of Man 5th"]
[Site "Port Erin IOM"]
[Date "1996.10.08"]
[Round "4"]
[White "Hartoch, Robert G"]
[Black "Arkell, Keith C"]
[Result "0-1"]
[WhiteElo "2295"]
[BlackElo "2545"]
[PlyCount "50"]
[EventDate "1996.10.05"]
[EventType "swiss"]
[EventRounds "9"]
[EventCountry "IOM"]
[SourceTitle "BritBase"]

1. Nf3 Nf6 2. g3 b5 3. Bg2 Bb7 4. O-O e6 5. d4 c5 6. c3 Be7 7. Bg5 O-O 8. dxc5
Bxc5 9. Nbd2 Be7 10. Nd4 Bxg2 11. Kxg2 Qb6 12. e4 Nc6 13. Be3 Qb7 14. f3 Ne5
15. Qb3 a6 16. a4 b4 17. Nc2 d5 18. Bd4 Nc6 19. Bxf6 gxf6 20. cxb4 dxe4 21.
Nxe4 f5 22. Nf2 Bxb4 23. Nxb4 Qxb4 24. Qxb4 Nxb4 25. Rfd1 Nc2 0-1

[Event "Monarch Assurance Isle of Man 5th"]
[Site "Port Erin IOM"]
[Date "1996.10.08"]
[Round "4"]
[White "Hodgson, Julian M"]
[Black "Baburin, Alexander"]
[Result "1/2-1/2"]
[WhiteElo "2550"]
[BlackElo "2545"]
[PlyCount "55"]
[EventDate "1996.10.05"]
[EventType "swiss"]
[EventRounds "9"]
[EventCountry "IOM"]
[SourceTitle "BritBase"]

1. d4 d5 2. Bg5 h6 3. Bh4 c6 4. Nf3 Qb6 5. b3 a5 6. a3 Bf5 7. c4 e6 8. Nc3 Nd7
9. Na4 Qa7 10. e3 Be7 11. Bxe7 Nxe7 12. Bd3 Bxd3 13. Qxd3 O-O 14. O-O Qa6 15.
Rfc1 Rfc8 16. Qf1 b6 17. cxd5 Qxf1+ 18. Kxf1 cxd5 19. Ke2 f6 20. Nc3 Rc6 21.
Kd2 Rac8 22. Nb5 Rxc1 23. Rxc1 Rxc1 24. Kxc1 Nc8 25. Ng1 Kf7 26. Ne2 Ke7 27.
Nec3 Nf8 28. Kd2 1/2-1/2

[Event "Monarch Assurance Isle of Man 5th"]
[Site "Port Erin IOM"]
[Date "1996.10.08"]
[Round "4"]
[White "Norwood, David"]
[Black "Coleman, David"]
[Result "1-0"]
[WhiteElo "2520"]
[BlackElo "2280"]
[PlyCount "65"]
[EventDate "1996.10.05"]
[EventType "swiss"]
[EventRounds "9"]
[EventCountry "IOM"]
[SourceTitle "BritBase"]

1. g3 c5 2. Bg2 Nc6 3. c4 g6 4. Nc3 Bg7 5. d3 d6 6. Nf3 e5 7. Nd2 Nge7 8. Nf1
b6 9. Ne3 Bb7 10. O-O Qd7 11. a3 h5 12. h4 f6 13. Ned5 Nxd5 14. cxd5 Ne7 15. b4
g5 16. hxg5 h4 17. e4 O-O-O 18. bxc5 dxc5 19. a4 Kb8 20. a5 Rdf8 21. axb6 axb6
22. Qa4 Qxa4 23. Nxa4 h3 24. Bf3 fxg5 25. Bg4 h2+ 26. Kh1 Kc7 27. Bxg5 Nc8 28.
Rab1 Bh6 29. Bh4 Bd2 30. Bxc8 Bxc8 31. Rxb6 Be6 32. Rc6+ Kb7 33. Rb1+ 1-0

[Event "Monarch Assurance Isle of Man 5th"]
[Site "Port Erin IOM"]
[Date "1996.10.08"]
[Round "4"]
[White "Tkachiev, Vladislav"]
[Black "Gofshtein, Leonid D"]
[Result "1-0"]
[WhiteElo "2620"]
[BlackElo "2545"]
[PlyCount "53"]
[EventDate "1996.10.05"]
[EventType "swiss"]
[EventRounds "9"]
[EventCountry "IOM"]
[SourceTitle "BritBase"]

1. e4 c5 2. Nf3 e6 3. g3 Nc6 4. Bg2 Nf6 5. d3 d6 6. O-O Be7 7. Re1 O-O 8. c3
Bd7 9. Nbd2 Rc8 10. a3 b5 11. d4 cxd4 12. cxd4 b4 13. d5 exd5 14. exd5 Nxd5 15.
Ne4 Nb6 16. Nxd6 Rc7 17. Bf4 bxa3 18. bxa3 Na5 19. Ne5 Rc5 20. Nxd7 Nxd7 21.
Qe2 Bg5 22. Ne4 Bxf4 23. Nxc5 Nxc5 24. gxf4 Ne6 25. Rad1 Nxf4 26. Qe5 Qh4 27.
Rd4 1-0

[Event "Monarch Assurance Isle of Man 5th"]
[Site "Port Erin IOM"]
[Date "1996.10.09"]
[Round "5"]
[White "Hartman, Christer"]
[Black "Farleigh, Richard"]
[Result "1-0"]
[WhiteElo "2370"]
[BlackElo "2200"]
[PlyCount "97"]
[EventDate "1996.10.05"]
[EventType "swiss"]
[EventRounds "9"]
[EventCountry "IOM"]
[SourceTitle "BritBase"]

1. e4 g6 2. d4 Bg7 3. Nc3 c6 4. f4 Qb6 5. Nf3 d5 6. e5 Bg4 7. Be2 e6 8. a3 Ne7
9. Be3 Nd7 10. b4 Nf5 11. Bf2 Bf8 12. O-O Qc7 13. Na4 Be7 14. Nb2 a5 15. Qd2 b5
16. h3 Bxf3 17. Bxf3 h5 18. g3 a4 19. Kg2 O-O-O 20. Rh1 Rdg8 21. g4 Nh6 22. Be3
Bf8 23. Rag1 Rh7 24. Kf1 hxg4 25. hxg4 Rgh8 26. Ke2 Qd8 27. c4 bxc4 28. Nxa4
Ng8 29. Rxh7 Rxh7 30. g5 Ne7 31. Bg4 Rh2+ 32. Bf2 Bg7 33. Rb1 Qh8 34. b5 Nf5
35. Kd1 Rh1+ 36. Be1 cxb5 37. Rxb5 Qh4 38. Bxf5 Qh5+ 39. Kc1 gxf5 40. Qa5 Rxe1+
41. Qxe1 Qf3 42. Qc3 Qxf4+ 43. Kb1 Nxe5 44. Qa5 Nd7 45. Qa8+ Kc7 46. Rb7+ Kd6
47. Rxd7+ Kxd7 48. Nc5+ Ke7 49. Qb7+ 1-0

[Event "Monarch Assurance Isle of Man 5th"]
[Site "Port Erin IOM"]
[Date "1996.10.09"]
[Round "5"]
[White "Hunt, Harriet"]
[Black "Hebden, Mark"]
[Result "1/2-1/2"]
[WhiteElo "2315"]
[BlackElo "2530"]
[PlyCount "96"]
[EventDate "1996.10.05"]
[EventType "swiss"]
[EventRounds "9"]
[EventCountry "IOM"]
[SourceTitle "BritBase"]

1. e4 e5 2. Nf3 Nc6 3. Bb5 a6 4. Ba4 Nf6 5. O-O Be7 6. Re1 b5 7. Bb3 O-O 8. a4
Bb7 9. d3 d6 10. c3 Re8 11. Nbd2 Bf8 12. d4 Na5 13. Bc2 c5 14. d5 c4 15. b4
cxb3 16. Nxb3 Nxb3 17. Bxb3 Nd7 18. axb5 axb5 19. Ba3 Qc7 20. Bb4 Nc5 21. Bc2
Rxa1 22. Qxa1 Ra8 23. Qb2 Na4 24. Qb3 Rc8 25. Re3 g6 26. Qa3 Ra8 27. Re1 Nc5
28. Qb2 Bc8 29. Ra1 Na4 30. Qc1 Bd7 31. Ra3 Rc8 32. Qe3 Qd8 33. Nd2 Be7 34. g3
Qf8 35. Bd1 f5 36. exf5 gxf5 37. f4 e4 38. g4 Qg7 39. Kh1 Qg6 40. gxf5 Bxf5 41.
Bxa4 bxa4 42. Rxa4 Kf7 43. Ra1 Rg8 44. Rg1 Qxg1+ 45. Qxg1 Rxg1+ 46. Kxg1 e3 47.
Nc4 e2 48. Kf2 Bd3 1/2-1/2

[Event "Monarch Assurance Isle of Man 5th"]
[Site "Port Erin IOM"]
[Date "1996.10.09"]
[Round "5"]
[White "Sahl, Bjarke"]
[Black "Hodgson, Julian M"]
[Result "1/2-1/2"]
[WhiteElo "2420"]
[BlackElo "2550"]
[PlyCount "71"]
[EventDate "1996.10.05"]
[EventType "swiss"]
[EventRounds "9"]
[EventCountry "IOM"]
[SourceTitle "BritBase"]

1. e4 d6 2. d4 Nf6 3. Nc3 c6 4. Nf3 Bg4 5. h3 Bh5 6. Be2 e6 7. O-O d5 8. exd5
Bxf3 9. Bxf3 cxd5 10. Re1 Nc6 11. Bf4 Bd6 12. Bxd6 Qxd6 13. Nb5 Qd7 14. c4 dxc4
15. d5 Ne7 16. Nc3 exd5 17. Nxd5 Nfxd5 18. Qxd5 Qxd5 19. Bxd5 Rb8 20. Rad1 h5
21. Bxc4 b5 22. Bf1 Rh6 23. Re5 a6 24. Be2 h4 25. Bg4 Rb7 26. Rg5 g6 27. Rd6
Ra7 28. Rc5 Kf8 29. Bc8 Nxc8 30. Rxc8+ Kg7 31. Rcc6 Re7 32. Kf1 Rh5 33. Rxa6
Rhe5 34. Rd1 Re2 35. Rad6 Rxb2 36. R6d2 1/2-1/2

[Event "Monarch Assurance Isle of Man 5th"]
[Site "Port Erin IOM"]
[Date "1996.10.09"]
[Round "5"]
[White "Ward, Christopher"]
[Black "Buckley, Graeme"]
[Result "0-1"]
[WhiteElo "2460"]
[BlackElo "2370"]
[PlyCount "70"]
[EventDate "1996.10.05"]
[EventType "swiss"]
[EventRounds "9"]
[EventCountry "IOM"]
[SourceTitle "BritBase"]

1. d4 Nf6 2. c4 g6 3. Nc3 Bg7 4. e4 d6 5. f3 O-O 6. Be3 Nc6 7. Qd2 a6 8. Nge2
Rb8 9. Nc1 e5 10. d5 Nd4 11. N1e2 c5 12. dxc6 bxc6 13. Nxd4 exd4 14. Bxd4 Re8
15. Be2 d5 16. cxd5 Rb4 17. Bc5 Nxe4 18. fxe4 Bxc3 19. Qxc3 Rbxe4 20. O-O Rxe2
21. Rad1 cxd5 22. Qf3 Qc7 23. Bd4 Bf5 24. Rc1 Qe7 25. Rc6 Rd2 26. Bc3 Qa7+ 27.
Kh1 Be4 28. Rxa6 Qe7 29. Qf6 Qxf6 30. Raxf6 Rxg2 31. R1f4 Rxb2+ 32. Kg1 Rg2+
33. Kf1 Rc2 34. Rc6 Rb8 35. Rf2 Rb1+ 0-1

[Event "Monarch Assurance Isle of Man 5th"]
[Site "Port Erin IOM"]
[Date "1996.10.10"]
[Round "6"]
[White "Blees, Albert"]
[Black "Hunt, Harriet"]
[Result "0-1"]
[WhiteElo "2415"]
[BlackElo "2315"]
[PlyCount "70"]
[EventDate "1996.10.05"]
[EventType "swiss"]
[EventRounds "9"]
[EventCountry "IOM"]
[SourceTitle "BritBase"]

1. e4 c5 2. Nf3 d6 3. d4 cxd4 4. Nxd4 Nf6 5. Nc3 a6 6. Bc4 e6 7. Bb3 Nbd7 8. f4
Nc5 9. Qf3 Be7 10. Be3 Qc7 11. f5 Bd7 12. fxe6 fxe6 13. Qg3 Nxb3 14. axb3 O-O
15. O-O b5 16. b4 Qc4 17. e5 dxe5 18. Nf3 Qxb4 19. Nxe5 Qxb2 20. Bh6 Nh5 21.
Qh3 Bc5+ 22. Kh1 Rxf1+ 23. Rxf1 Rf8 24. Rd1 Be8 25. g4 Nf4 26. Bxf4 Rxf4 27.
Rd8 Qa1+ 28. Rd1 Qa5 29. Qg3 Rf8 30. Ne4 Be7 31. g5 Qb4 32. Qg4 Bh5 33. Qxe6+
Kh8 34. Nc6 Bf3+ 35. Kg1 Bc5+ 0-1

[Event "Monarch Assurance Isle of Man 5th"]
[Site "Port Erin IOM"]
[Date "1996.10.10"]
[Round "6"]
[White "Brodsky, Michail"]
[Black "McLean, John"]
[Result "1-0"]
[WhiteElo "2510"]
[BlackElo "2130"]
[PlyCount "71"]
[EventDate "1996.10.05"]
[EventType "swiss"]
[EventRounds "9"]
[EventCountry "IOM"]
[SourceTitle "BritBase"]

1. e4 c5 2. Nf3 d6 3. d4 cxd4 4. Nxd4 Nf6 5. f3 g6 6. c4 Bg7 7. Nc3 O-O 8. Be3
Nc6 9. Qd2 Nxd4 10. Bxd4 b6 11. Be2 Bb7 12. O-O Qd7 13. Rac1 Rac8 14. Rfd1 Rfd8
15. Be3 Ne8 16. Nb5 Ba8 17. b4 Qb7 18. a4 a6 19. Nd4 e5 20. Nb3 f5 21. Bd3 f4
22. Bf2 Bf6 23. a5 bxa5 24. Nxa5 Qe7 25. c5 dxc5 26. bxc5 Nc7 27. c6 Bg5 28.
Nb7 Rf8 29. Bc4+ Kh8 30. Qd7 Nb5 31. Bc5 Qxd7 32. cxd7 Bxb7 33. Bxf8 Rxf8 34.
Bxb5 axb5 35. Rc7 Rb8 36. Rdc1 1-0

[Event "Monarch Assurance Isle of Man 5th"]
[Site "Port Erin IOM"]
[Date "1996.10.10"]
[Round "6"]
[White "Emms, John M"]
[Black "Baburin, Alexander"]
[Result "0-1"]
[WhiteElo "2500"]
[BlackElo "2545"]
[PlyCount "62"]
[EventDate "1996.10.05"]
[EventType "swiss"]
[EventRounds "9"]
[EventCountry "IOM"]
[SourceTitle "BritBase"]

1. e4 Nf6 2. e5 Nd5 3. d4 d6 4. Nf3 Bg4 5. Be2 e6 6. h3 Bh5 7. O-O Be7 8. c4
Nb6 9. Nc3 O-O 10. Be3 d5 11. cxd5 exd5 12. g4 Bg6 13. Ne1 Nc6 14. Ng2 f6 15.
Nf4 fxe5 16. dxe5 d4 17. Nxg6 hxg6 18. Qb3+ Kh8 19. Rad1 Bc5 20. Ne4 Qe7 21.
Qc2 Qxe5 22. Bg5 d3 23. Qxd3 Nd4 24. b4 Nxe2+ 25. Qxe2 Bxb4 26. f4 Qe6 27. f5
gxf5 28. gxf5 Rxf5 29. Qh5+ Kg8 30. Nf6+ Qxf6 31. Rxf5 Qxf5 0-1

[Event "Monarch Assurance Isle of Man 5th"]
[Site "Port Erin IOM"]
[Date "1996.10.10"]
[Round "6"]
[White "Forster, Richard"]
[Black "Markov, Jurij"]
[Result "1/2-1/2"]
[WhiteElo "2320"]
[BlackElo "2420"]
[PlyCount "37"]
[EventDate "1996.10.05"]
[EventType "swiss"]
[EventRounds "9"]
[EventCountry "IOM"]
[SourceTitle "BritBase"]

1. e4 c5 2. Nf3 Nc6 3. d4 cxd4 4. Nxd4 g6 5. c4 Nf6 6. Nc3 d6 7. Be2 Nxd4 8.
Qxd4 Bg7 9. Bg5 O-O 10. Qd2 Be6 11. Rc1 Qa5 12. f3 Rfc8 13. b3 a6 14. Na4 Qxd2+
15. Kxd2 Rc6 16. Be3 Nd7 17. g4 Kf8 18. Rhg1 Rac8 19. h3 1/2-1/2

[Event "Monarch Assurance Isle of Man 5th"]
[Site "Port Erin IOM"]
[Date "1996.10.10"]
[Round "6"]
[White "Hartoch, Robert G"]
[Black "Tzermiadianos, Andreas"]
[Result "1/2-1/2"]
[WhiteElo "2295"]
[BlackElo "2375"]
[PlyCount "63"]
[EventDate "1996.10.05"]
[EventType "swiss"]
[EventRounds "9"]
[EventCountry "IOM"]
[SourceTitle "BritBase"]

1. Nf3 f5 2. g3 Nf6 3. Bg2 g6 4. b3 Bg7 5. Bb2 d6 6. d4 O-O 7. O-O Qe8 8. c4
Na6 9. Qc2 Rb8 10. Re1 b5 11. cxb5 Qxb5 12. Nc3 Qe8 13. a3 c5 14. dxc5 Nxc5 15.
b4 Nfe4 16. Nxe4 Nxe4 17. Bxg7 Kxg7 18. Nd4 Nf6 19. Nc6 Rb7 20. Na5 Rd7 21.
Rac1 d5 22. f4 e5 23. e3 exf4 24. exf4 Re7 25. Rxe7+ Qxe7 26. Qc7 Kf7 27. Qxe7+
Kxe7 28. Rc7+ Kd6 29. Rxa7 Re8 30. b5 Re1+ 31. Bf1 Rb1 32. Kg2 1/2-1/2

[Event "Monarch Assurance Isle of Man 5th"]
[Site "Port Erin IOM"]
[Date "1996.10.10"]
[Round "6"]
[White "Hebden, Mark"]
[Black "Sahl, Bjarke"]
[Result "0-1"]
[WhiteElo "2530"]
[BlackElo "2420"]
[PlyCount "96"]
[EventDate "1996.10.05"]
[EventType "swiss"]
[EventRounds "9"]
[EventCountry "IOM"]
[SourceTitle "BritBase"]

1. d4 Nf6 2. Nf3 e6 3. Bg5 d5 4. c4 Be7 5. e3 h6 6. Bh4 O-O 7. Nc3 b6 8. Bd3
Bb7 9. O-O Nbd7 10. Qe2 c5 11. Bg3 Ne4 12. cxd5 Nxg3 13. hxg3 exd5 14. dxc5
Nxc5 15. Rfd1 Bf6 16. Rac1 Qe7 17. Nd4 g6 18. Bb1 Rfe8 19. Qf3 Rad8 20. b4 Ne4
21. Ncb5 Ng5 22. Qf4 Be5 23. Qh4 a6 24. Nc3 h5 25. a3 Bf6 26. Qh2 Rc8 27. Kh1
a5 28. g4 axb4 29. axb4 hxg4 30. Qf4 Kg7 31. Ncb5 Qe5 32. Rxc8 Bxc8 33. Qxe5
Bxe5 34. Kg1 g3 35. f4 Bxd4 36. exd4 Bg4 37. Rc1 Ne6 38. Re1 Rc8 39. f5 gxf5
40. Nd6 Rc6 41. Bxf5 Rxd6 42. Bxg4 Nxd4 43. Re3 f5 44. Rd3 Re6 45. Kf1 Nc2 46.
Be2 f4 47. b5 Kf6 48. Rd2 Ne3+ 0-1

[Event "Monarch Assurance Isle of Man 5th"]
[Site "Port Erin IOM"]
[Date "1996.10.10"]
[Round "6"]
[White "Hodgson, Julian M"]
[Black "Arkell, Keith C"]
[Result "1-0"]
[WhiteElo "2550"]
[BlackElo "2545"]
[PlyCount "43"]
[EventDate "1996.10.05"]
[EventType "swiss"]
[EventRounds "9"]
[EventCountry "IOM"]
[SourceTitle "BritBase"]

1. c4 c5 2. g3 g6 3. Bg2 Bg7 4. Nc3 Nc6 5. a3 Nh6 6. h4 Nf5 7. h5 b6 8. d3 Bb7
9. h6 Bf8 10. b4 Qc8 11. Ne4 cxb4 12. axb4 Nxb4 13. Bb2 f6 14. g4 Nxh6 15. g5
Ng8 16. Qb3 d5 17. gxf6 exf6 18. Bxf6 dxc4 19. Qc3 Bxe4 20. Bxe4 Nc2+ 21. Kf1
Nxa1 22. Bxh8 1-0

[Event "Monarch Assurance Isle of Man 5th"]
[Site "Port Erin IOM"]
[Date "1996.10.10"]
[Round "6"]
[White "Richardson, John R"]
[Black "Hartman, Christer"]
[Result "1-0"]
[WhiteElo "2310"]
[BlackElo "2370"]
[PlyCount "55"]
[EventDate "1996.10.05"]
[EventType "swiss"]
[EventRounds "9"]
[EventCountry "IOM"]
[SourceTitle "BritBase"]

1. d4 d5 2. c4 dxc4 3. Nf3 a6 4. e4 b5 5. a4 Bb7 6. axb5 axb5 7. Rxa8 Bxa8 8.
Nc3 c6 9. d5 Nf6 10. Bf4 b4 11. Qa4 bxc3 12. Bxc4 cxb2 13. O-O Qb6 14. Rb1 Nxe4
15. Qxa8 Qxf2+ 16. Kh1 Qb6 17. Qxb8+ Qxb8 18. Bxb8 cxd5 19. Bxd5 Nd6 20. Bxd6
exd6 21. Rxb2 f5 22. Ng5 h6 23. Nf7 Rh7 24. Rb7 Be7 25. Be6 g6 26. Nxd6+ Kf8
27. Rb8+ Kg7 28. Ne8+ 1-0

[Event "Monarch Assurance Isle of Man 5th"]
[Site "Port Erin IOM"]
[Date "1996.10.10"]
[Round "6"]
[White "Sahu, Sekhar Chandra"]
[Black "Gofshtein, Leonid D"]
[Result "1-0"]
[WhiteElo "2340"]
[BlackElo "2545"]
[PlyCount "114"]
[EventDate "1996.10.05"]
[EventType "swiss"]
[EventRounds "9"]
[EventCountry "IOM"]
[SourceTitle "BritBase"]

1. e4 c5 2. Nf3 e6 3. c3 Nf6 4. d3 d5 5. Nbd2 Nc6 6. Be2 Be7 7. O-O O-O 8. Re1
b5 9. e5 Nd7 10. d4 b4 11. Bb5 Qb6 12. Bxc6 Qxc6 13. cxb4 cxb4 14. Nf1 Ba6 15.
Bg5 Bxg5 16. Nxg5 h6 17. Nf3 Rfc8 18. Ne3 Qb5 19. Nh4 Qd3 20. Qg4 Qe4 21. Qg3
Qh7 22. f4 Bd3 23. f5 Be4 24. Qh3 Nf8 25. Rf1 Rc7 26. Rac1 Rac8 27. Rxc7 Rxc7
28. g4 h5 29. g5 exf5 30. Nhxf5 Bxf5 31. Nxf5 Ne6 32. Qb3 h4 33. Qxd5 Qh5 34.
Qa8+ Kh7 35. Qe4 Nxg5 36. Qd3 Qg4+ 37. Kh1 Qe4+ 38. Qxe4 Nxe4 39. Ne3 Kg6 40.
Kg2 a5 41. Rd1 f5 42. d5 Rc8 43. Rf1 a4 44. d6 h3+ 45. Kg1 Kf7 46. Nxf5 Ke6 47.
Nd4+ Kd5 48. d7 Rg8 49. Rd1 Rd8 50. e6 Nf6 51. Kf2 g5 52. Kf3 a3 53. b3 Kd6 54.
Re1 Rg8 55. Nf5+ Kc7 56. Rc1+ Kb7 57. Nd6+ Ka6 1-0